Estatutos del Fomento Martinense reformados en Reunión general celebrada el día 31 Agosto 1902 y aprobados por el Excmo. Sr. Gobernador Civil de la provincia con fecha 13 de Diciembre de 1902
MARC
| LEADER | 00000nam a2200000Ia 4500 | ||
|---|---|---|---|
| 001 | 23130 | ||
| 003 | BGR | ||
| 005 | 20260410113711.0 | ||
| 008 | 160829s1903 xx 000 0 cat d | ||
| 080 | |a RF-16-43 | ||
| 245 | |a Estatutos del Fomento Martinense reformados en Reunión general celebrada el día 31 Agosto 1902 y aprobados por el Excmo. Sr. Gobernador Civil de la provincia con fecha 13 de Diciembre de 1902 | ||
| 260 | |a Barcelona : |b Tipografía de Juan Torrents y Coral, |c 1903 | ||
| 300 | |a 31 p. ; |c 15 cm | ||
| 590 | |a A la portada: Sociedad fundada en el año 1879. | ||
| 590 | |a Prové de 2290, exp. 7 | ||
| 650 | |a Fomento Martinense |x Estatuts |9 47744 | ||
| 710 | 2 | |a Fomento Martinense |9 70895 | |
| 856 | 4 | |u https://media.diba.cat/diba/fitxers/arxiu/fulletons/bib_23130_1903_baixa.pdf |y Accés lliure | |
| 856 | 4 | |u https://media.diba.cat/diba/fitxers/arxiu/fulletons/bib_23130_1903_baixa.pdf |y Accés lliure | |
| 900 | |a bib_23130_1903_baixa.pdf | ||
| 901 | |a Arxiu | ||
| 942 | |n 1 |2 udc |c MON | ||
| 952 | |0 0 |1 0 |4 0 |6 RF1643 |7 1 |9 54071 |a Arxiu |b Arxiu |d 2016-12-01 |l 0 |o RF-16-43 |p 23130 |r 2016-12-01 00:00:00 |w 2016-12-01 |y ARXIU | ||
| 999 | |c 57939 |d 57939 | ||